|
|
|
|
| LEADER |
00000nab a2200000 a 4500 |
| 001 |
vtls000155840 |
| 003 |
SK-MaSNL |
| 005 |
20260304225443.0 |
| 008 |
250422c1983 xo 0 slo |
| 015 |
|
|
|a SNBRB19rr/mm-uuuuu
|
| 035 |
|
|
|a CL0165947
|
| 035 |
|
|
|a urn:nbn:sk:snk-abbci2
|
| 035 |
|
|
|a (urnnbn)urn:nbn:sk:snk:ar-a09s9f
|
| 035 |
|
|
|a (uuid)89339702-4b66-4626-bd49-39f1736f8641
|
| 040 |
|
|
|a SNKBUCL
|b slo
|c SNKBUCL
|e AACR2
|
| 041 |
0 |
|
|a slo
|
| 044 |
|
|
|a xo
|c SK
|
| 080 |
|
|
|a 577.38:504.06
|2 1981
|
| 080 |
|
|
|a 504.06
|2 1981
|
| 100 |
1 |
|
|a Bílý, Matěj
|4 aut
|9 274721
|
| 245 |
1 |
0 |
|a Georgi Brankov: Základy biomechaniky
|c Matěj Bílý, Pavol Fűleky
|
| 650 |
0 |
7 |
|a biomechanika človeka
|2 snkbucl
|9 69596
|
| 650 |
0 |
7 |
|a životné prostredie
|2 snkbucl
|9 786
|
| 655 |
|
7 |
|a články z novín a časopisov
|2 snkbucl
|9 267496
|
| 700 |
1 |
|
|a Fűleky, Pavol
|4 aut
|9 1191177
|
| 700 |
1 |
|
|a Brankov, Georgi
|4 aut
|9 1333110
|
| 773 |
0 |
|
|t Strojnícky časopis
|g Roč. 34, č. 3 (1983), s. 413
|
| 787 |
0 |
8 |
|i Rec.:
|a Brankov, Georgi
|t Osnovy biomechaniky
|d Moskva : Mir, 1981
|
| 850 |
|
|
|a Slovenská národná knižnica
|
| 852 |
|
|
|a Slovenská národná knižnica
|
| 954 |
|
|
|a odborná, vedecká literatúra pôvodná (slovenská)
|2 lita
|
| 958 |
|
|
|a article15
|
| 958 |
|
|
|a RK
|
| 958 |
|
|
|a ME
|
| 958 |
|
|
|a OND
|
| 958 |
|
|
|a EUIPO
|
| 992 |
|
|
|a RBX
|
| 999 |
|
|
|c 3177683
|d 3179613
|